| 000 | 00550nam a22001577a 4500 | ||
|---|---|---|---|
| 999 |
_c534597 _d534597 |
||
| 020 | _qHard Cover. | ||
| 082 | _a620.44 | ||
| 100 | _aSami, Irfan | ||
| 245 |
_aFabrication of MoS2 – Metal Oxide Thin Film Composite and Characterization for Photovoltaic Applications / _cIrfan Sami. |
||
| 260 |
_aIslamabad: _bSCME -NUST, _c2015. |
||
| 300 |
_a48 p. : _bill. ; _c30cm. |
||
| 942 |
_2ddc _cTHE |
||
| 650 |
_aMaterial and Surface Engineering MS-Thesis. _916443 |
||
| 700 |
_aDr. Amir Habib _919483 |
||